| 000 | 00818nam a22002417a 4500 | ||
|---|---|---|---|
| 003 | UA-OsUOA | ||
| 001 | 103655 | ||
| 007 | ta | ||
| 008 | 20131112b un ||||| |||| 00| 0 ukr d | ||
| 100 | _aГибсон Дж. | ||
| 090 |
_a213:22 _bГ46 |
||
| 942 | _cBK | ||
| 040 |
_aUA-OsUOA _brus _cUA-OsUOA _dUA-OsUOA |
||
| 245 |
_aУроки творения _bвспомогательный материал к пособию по изучению Библии |
||
| 300 | _a160 с. | ||
| 955 | _a2 | ||
| 041 | _arus | ||
| 080 | _a213:22 | ||
| 020 | _a978-5-86847-819-2 | ||
| 260 |
_aЗаокский _bИсточник жизни _c2012 |
||
| 650 | 7 |
_a21 Природна теологія. Теодицея (Бог). Раціональна теологія Релігійна філософія _2UDC |
|
| 999 |
_c389794 _d389794 |
||